000 00393nam a2200181Ia 4500
003 0STCL
008 150530s9999 xx 000 0 und d
040 _aSTCL
_cSTCL
100 _aOsho
245 _aLotus of Emptiness
250 _a1
260 _bDiamond; Pocket Books; Delhi
_c2008
300 _a0
546 _aEnglish
942 _2ddc
_cBK
999 _c2089
_d2089
005 20220125165307.0